=LDR 00000nam 2200000 4500 =001 INLIS000000000810128 =005 20251023091254 =035 ##$$a 0010-1025000111 =007 ta =008 251023###########################0###### =082 ##$$a 297.211 =084 ##$$a 297.211 HAL a =245 ##$$a Aqidah dan Manhaj Syaikh Surkati /$c Syaikh Ali bin Hasan Al-Halabi =250 ##$$a Cet. 1,Muharram 1442 H / Agustus 2020 =260 ##$$a Surabaya : :$b Sekolah Tinggi Agama Islam ALI bin Abi Thalib Surabaya =300 ##$; $c 24 cm.